Sài Côn cố sự 1930 - 1975
Sách đề cập đến một số nhân vật và sự kiện ở mảnh đất Sài gòn trong giai đoạn 1930 - 1975.
में बचाया:
| मुख्य लेखक: | |
|---|---|
| स्वरूप: | पुस्तक |
| भाषा: | Undetermined |
| प्रकाशित: |
Hà Nội
Văn học
2001
|
| विषय: | |
| टैग : |
टैग जोड़ें
कोई टैग नहीं, इस रिकॉर्ड को टैग करने वाले पहले व्यक्ति बनें!
|
| Thư viện lưu trữ: | Trung tâm Học liệu Trường Đại học Cần Thơ |
|---|
| LEADER | 00736nam a2200217Ia 4500 | ||
|---|---|---|---|
| 001 | CTU_133511 | ||
| 008 | 210402s9999 xx 000 0 und d | ||
| 020 | |c 22000 | ||
| 082 | |a 959.704 | ||
| 082 | |b B116 | ||
| 100 | |a Bằng Giang | ||
| 245 | 0 | |a Sài Côn cố sự 1930 - 1975 | |
| 245 | 0 | |c Bằng Giang | |
| 260 | |a Hà Nội | ||
| 260 | |b Văn học | ||
| 260 | |c 2001 | ||
| 520 | |a Sách đề cập đến một số nhân vật và sự kiện ở mảnh đất Sài gòn trong giai đoạn 1930 - 1975. | ||
| 650 | |a South vietnam - history,Lịch sử Việt Nam | ||
| 650 | |y 1930 - 1975 | ||
| 904 | |i Trọng Hải | ||
| 980 | |a Trung tâm Học liệu Trường Đại học Cần Thơ | ||